When The Heart Speaks Memoirs Of A Cardiologist/ (Record no. 211947)

MARC details
000 -LEADER
fixed length control field 00609nam a22001937a 4500
005 - DATE AND TIME OF LATEST TRANSACTION
control field 20250625150107.0
010 ## - LCCN (DPL NO)
LC control number ENG-145568
020 ## - INTERNATIONAL STANDARD BOOK NUMBER
International Standard Book Number 9788194928652
Terms of availability 750.00
035 ## - SYSTEM CONTROL NUMBER
System control number EN-129100
037 ## - SOURCE OF ACQUISITION
Source of stock number/acquisition DBAD
082 ## - DEWEY DECIMAL CLASSIFICATION NUMBER
Classification number 616.1206
100 ## - MAIN ENTRY--PERSONAL NAME
Personal name Kaul, Upendra
245 ## - TITLE STATEMENT
Title When The Heart Speaks Memoirs Of A Cardiologist/
Statement of responsibility, etc Upendra Kaul
250 ## - EDITION STATEMENT
Edition statement 1
260 ## - PUBLICATION, DISTRIBUTION, ETC. (IMPRINT)
Place of publication, distribution, etc New Delhi
Name of publisher, distributor, etc Konark Publishers Pvt Ltd
Date of publication, distribution, etc 2022
270 ## - ADDRESS
Address 206, First Floor, Peacock Lane, Shahpur Jat
City New Delhi
Postal code 110049
Telephone number +91-11-41055065
300 ## - PHYSICAL DESCRIPTION
Extent xx, 202p
Dimensions 22cm (hb)
942 ## - ADDED ENTRY ELEMENTS (KOHA)
Source of classification or shelving scheme Dewey Decimal Classification
Item type English Books
Classification part 616.1206
Call number suffix KAU
Holdings
Withdrawn status Lost status Not for loan Collection code Home library Current library Date acquired Source of acquisition Cost, normal purchase price Full call number Barcode Copy number Cost, replacement price Koha item type
    Not For Loan Non-fiction D.B.Act.Division D.B.Act.Division 25/06/2025 Delivery of Books Act Division 750.00 616.1206 KAU EN-129100 1 750.00 English Books

© Delhi Public Library
Hit Counter
free hit counter